Výber vhodného cloudového riešenia pre začínajúcu firmu bakalárska práca

Enregistré dans:
Détails bibliographiques
Auteur principal: Chmelík, Michal
Collectivité auteur: Fakulta hospodárskej informatiky EU. Katedra aplikovanej informatiky
Autres auteurs: Sojka, Pavol, 1978-
Format: Livre
Langue:slovaque
Publié: Bratislava 2020
Tags: Ajouter un tag
Pas de tags, Soyez le premier à ajouter un tag!

MARC

LEADER 00000nbm a2200000 4500
001 0264604
005 20210510105504.1
041 0 |a slo 
044 |a SK 
245 1 0 |a Výber vhodného cloudového riešenia pre začínajúcu firmu  |b bakalárska práca  |c Michal Chmelík ; školiteľ: Pavol Sojka 
264 1 |a Bratislava  |c 2020 
300 |a 42 s. 
100 1 |a Chmelík, Michal 
700 1 |a Sojka, Pavol, 1978- 
710 2 |a Fakulta hospodárskej informatiky EU. Katedra aplikovanej informatiky